000 00588nam a2200229Ia 4500
003 OSt
005 20220924144344.0
006 a|||||r|||| 00| 0
007 ta
008 220923b |||||||| |||| 00| 0 urd d
024 _a313807
037 _cTextual
040 _aARTS
_cARTS
_burd
041 _2urd
_aurd
082 _aO168,1MIS,1, E5.1-.2
100 _aSyed Husain Ishq
_9217515
245 0 _aBurhan-e-Gham
260 _c1915
650 _aURDU POETRY
942 _hO168,1MIS,1, E5.1-.2
_cTEXL
_2CC
999 _c456842
_d456842